Most Populated City in Each County in North Carolina - Statistics

General Stats
  • This quiz has been taken 25 times
  • The average score is 39 of 100
Answer Stats
County City Pop. City % Correct
Buncombe 94,067 Asheville
100%
Mecklenburg 879,709 Charlotte
100%
Durham 285,527 Durham
100%
Wake 469,124 Raleigh
100%
New Hanover 117,643 Wilmington
94%
Forsyth 250,320 Winston-Salem
94%
Guilford 298,263 Greensboro
88%
Onslow 72,876 Jacksonville
88%
Cumberland 208,778 Fayetteville
82%
Northampton 989 Gaston
82%
Orange 61,128 Chapel Hill
76%
Gaston 81,161 Gastonia
76%
Pitt 88,728 Greenville
76%
Edgecombe | Nash 53,957 Rocky Mount
76%
Vance 14,954 Henderson
71%
Catawba 43,532 Hickory
71%
Craven 31,346 New Bern
71%
Watauga 18,036 Boone
65%
Alamance 58,818 Burlington
65%
Henderson 15,099 Hendersonville
65%
Wilson 47,731 Wilson
65%
Cabarrus 107,697 Concord
59%
Wayne 32,749 Goldsboro
59%
Halifax 15,128 Roanoke Rapids
59%
Beaufort 9,705 Washington
59%
Swain 2,120 Cherokee
53%
Pasquotank 18,703 Elizabeth City
53%
Robeson 18,694 Lumberton
53%
Randolph 27,124 Asheboro
47%
Iredell 51,594 Mooresville
47%
Surry 10,551 Mount Airy
47%
Rowan 35,760 Salisbury
47%
Cleveland 21,947 Shelby
47%
Macon 4,233 Franklin
41%
Ashe 1,519 Jefferson
41%
Scotland 15,177 Laurinburg
41%
Caldwell 18,193 Lenoir
41%
McDowell 7,652 Marion
41%
Camden 914 Camden
35%
Johnston 28,306 Clayton
35%
Sampson 8,037 Clinton
35%
Harnett 8,434 Dunn
35%
Lenoir 19,546 Kinston
35%
Lincoln 11,352 Lincolnton
35%
Carteret 9,688 Morehead City
35%
Burke 17,518 Morganton
35%
Moore 18,019 Pinehurst
35%
Richmond 9,031 Rockingham
35%
Person 8,089 Roxboro
35%
Chatham 7,848 Siler City
35%
Transylvania 7,755 Brevard
29%
Tyrrell 849 Columbia
29%
Rockingham 15,319 Eden
29%
Union 40,953 Indian Trail
29%
Dare 7,777 Kill Devil Hills
29%
Wilkes 4,239 North Wilkesboro
29%
Davidson 27,203 Thomasville
29%
Yadkin 2,792 Yadkinville
29%
Avery 1,035 Banner Elk
24%
Bladen 3,132 Elizabethtown
24%
Rutherford 7,354 Forest City
24%
Stokes 7,156 King
24%
Brunswick 25,974 Leland
24%
Franklin 3,008 Louisburg
24%
Davie 5,908 Mocksville
24%
Washington 3,230 Plymouth
24%
Lee 30,678 Sanford
24%
Greene 1,539 Snow Hill
24%
Alleghany 1,696 Sparta
24%
Mitchell 2,216 Spruce Pine
24%
Warren 856 Warrenton
24%
Columbus 4,688 Whiteville
24%
Caswell 1,801 Yanceyville
24%
Granville 8,487 Butner
18%
Chowan 4,391 Edenton
18%
Gates 262 Gatesville
18%
Perquimans 1,925 Hertford
18%
Hyde 973 Ocracoke
18%
Hoke 4,724 Raeford
18%
Graham 533 Robbinsville
18%
Montgomery 2,913 Troy
18%
Haywood 10,178 Waynesville
18%
Hertford 4,879 Ahoskie
12%
Pamlico 1,045 Bayboro
12%
Yancey 1,635 Burnsville
12%
Jackson 6,798 Cullowhee
12%
Currituck 5,180 Moyock
12%
Polk 1,565 Tryon
12%
Anson 5,038 Wadesboro
12%
Duplin 3,315 Wallace
12%
Martin 5,104 Williamston
12%
Bertie 3,354 Windsor
12%
Cherokee 1,686 Andrews
6%
Alexander 3,959 Bethlehem
6%
Pender 6,940 Hampstead
6%
Clay 438 Hayesville
6%
Madison 2,022 Mars Hill
6%
Jones 829 Maysville
6%
Stanly 16,628 Ablemarle
0%
No matching quizzes found
Score Distribution
Percent of People with Each Score
Percentile by Number Answered
Your Score History
You have not taken this quiz